000 00668nam a2200181Ia 4500
008 100920s9999 xx 000 0 und d
082 _b84025
_a891.464 न 02
100 _aवसेकर विश्वास.
245 _aजग सुंदर करण्याचा ध्यास.
260 _bउत्कर्ष प्रकाशन, पुणे 4.
_c2002
300 _a84
_bसाधी
365 _b60
520 _aनिबंध.
630 _aजग सुंदर करण्याचा ध्यास.
650 _aनिबंध.
730 _aजग सुंदर करण्याचा ध्यास.
942 _cBOOK
999 _c724618
_d724615